000 00575nam a2200181Ia 4500
003 OSt
005 20230607112620.0
008 210423s2005 xx 000 0 und d
040 _cAL
041 _aeng
082 _a658.404
_223
_bROSS
100 _aROSENAE (Matton D);GITHENS (G D).
_9121289
245 _aSuccessful project management: step by step approach with practical examples.
260 _aNew Jersey
_bJohn Wiley & Sons
_c2005
365 _b200
_cINR
906 _aapproach ; examples. ; management: ; practical ; project ; step ; Successful
942 _2ddc
_cBK
999 _c175010
_d175010